000 01354nam0a2200313 4500
001 RU\NLR\bibl\1491170
005 20260406105636.0
010 _a978-5-389-00061-2
_bВ пер.
_97000
021 _aRU
_b2010-6346
_9410
035 _a(NLR Aleph) 001482735
090 _a1713813
_c1713813
100 _a20100326d2010 |||y0rusy50 ca
101 1 _arus
_ceng
102 _aRU
105 _aa |||||||||
200 1 _aДинозавры
_e[карты, цифры, факты, гипотезы, сравнения
_fавт. текста Майкл К. Бретт-Шуман
_gпер. с англ. Юрий Амченков
_gред. Валентина Бологова]
210 _aМосква
_cМахаон
_d2010
215 _a191 с.
_cцв. ил.
_d34
225 1 _aИллюстрированный атлас
320 _aУказ.: с. 186-191
606 1 _aДинозавры
_jАтласы
_91108929
_3RU\NLR\auth\66118041
686 _aЕ169.334я6
702 1 _4220
_7ca
_8rus
_aБретт-Шуман
_bМ. К.
_gМайкл К.
_971601
_3RU\NLR\auth\7788673
702 1 _4340
_7ca
_8rus
_aБологова
_bВ.
_cпопуляризатор
_gВалентина
_985402
_3RU\NLR\auth\77102476
801 0 _aRU
_bNLR
_c20100326
_gRCR
801 1 _aRU
_bNLR
_c20100326
942 _cBOOK
980 _aNB